Normal view
MARC view
Entry Personal Name
001 - CONTROL NUMBER
- control field: 62633
003 - CONTROL NUMBER IDENTIFIER
- control field: OSt
005 - DATE AND TIME OF LATEST TRANSACTION
- control field: 20160607132235.0
008 - FIXED-LENGTH DATA ELEMENTS
- fixed length control field: 160607|| aca||aabn | a|a d
040 ## - CATALOGING SOURCE
- Original cataloging agency: OSt
- Transcribing agency: OSt
100 ## - HEADING--PERSONAL NAME
- Personal name: ताेमर, अमर सिंह
670 ## - SOURCE DATA FOUND
- Source citation: Work cat.: (OSt)47449: ताेमर, अमर सिंह , महान दार्शनिक एंव शिक्षाविद़ , 2011









